000 01272nabaa22002417a 4500
999 _c6169
_d6169
003 OSt
005 20260123212737.0
008 190701b xxu||||| |||| 00| 0 spa d
040 _cPJ
100 _96911
_aManili, Pablo L.
245 1 0 _aNulidad absoluta e insanable del DNU 70-2023 /
_cPablo L. Manili.
300 _ap. 302-312
500 _aCita: TR LALEY AR/DOC/60/2024
505 _aSumario: I. Introducción.— II. Primer requisito: circunstancias excepcionales.— III. Segundo requisito: imposibilidad de seguir el trámite ordinario para la sanción de las leyes.— IV. Tercer requisito: razones de necesidad y urgencia.— V. Otros requisitos.— VI. Jurisprudencia aplicable al DNU bajo análisis.— VII. La jurisprudencia de la Corte Interamericana de Derechos Humanos.— VIII. Conclusiones.
505 _t¿Te interesa el texto completo? Comunicate al correo: koha@justierradelfuego.gov.ar
650 0 _9211
_aDERECHO ADMINISTRATIVO
650 0 _9200
_aDECRETOS DE NECESIDAD Y URGENCIA
650 0 _9614
_aDERECHOS HUMANOS
650 0 _94597
_aCONSTITUCIONALIDAD
650 0 _91183
_aLEGISLACION
773 0 _02842
_93251
_dBuenos Aires : AbeledoPerrot, 2012-
_oDA121
_tDerecho administrativo. Nº 152 marzo/abril 2024
_z18510590
942 _2udc
_cANA